Obálka Náhled e-knihy:
PDF Epub
Pro půjčování e-knih musíte být přihlášeni.
Jak si půjčit online?

Hra o dědictví /

Román se odehrává ve Spojených státech amerických na sklonku 19. století a vypráví příběh skupinky šesti vylosovaných občanů, kteří po smrti chicagského milionáře a člena místního Klubu výstředníků Williama J. Hypperboneho hrají tzv. „husí hru“ o šedesátimilionové dědictví, a to nikoli jako společen...

Celý popis

Uloženo v:
Série:Podivuhodná putování, část 46
Hlavní autor: Verne, Jules (Autor)
Médium: E-kniha
Jazyk:Czech
Vydáno: Praha : DOBROVSKÝ s.r.o., 2026
Příbuzné jednotky:Z cyklu:: Podivuhodná putování
Tagy:
Žádné tagy
LEADER 02135nam a22002417i 4500
001 302546
007 ta
008 260513s2026 xr ||||| |||| 00| 0 cze d
020 |a 9788027760329 
044 |a xr 
100 1 |a  Verne, Jules  |4 aut 
245 1 0 |a Hra o dědictví /  |c  Verne, Jules 
264 1 |a Praha :  |b DOBROVSKÝ s.r.o.,  |c 2026 
300 |a 1 online zdroj (512 stran) 
336 |a text  |b txt  |2 rdacontent 
337 |a bez média  |b n  |2 rdamedia 
338 |a online zdroj  |b cr  |2 rdacarrier 
520 2 |a Román se odehrává ve Spojených státech amerických na sklonku 19. století a vypráví příběh skupinky šesti vylosovaných občanů, kteří po smrti chicagského milionáře a člena místního Klubu výstředníků Williama J. Hypperboneho hrají tzv. „husí hru“ o šedesátimilionové dědictví, a to nikoli jako společenskou hru v místnosti, nýbrž jako dobrodružnou cestu po celých USA, jejichž mapa je překreslena jako hrací deska. Postup hráčů po této desce je pak (jako ve skutečné „husí hře“) určen hodem kostkou, ovšem pod dohledem notáře. Podle dodatku k Hypperboneho závěti se kromě vylosovaných hráčů hry zúčastní i záhadný hráč známý jen jako „XKZ“.A tak hráči podle vrtochů hrací kostky cestují, přejíždějí křížem krážem mezi jednotlivými státy, navštěvují krásná místa, ale také třeba tráví svůj čas ve vězení. A to vše se snahou být první v cíli a získat vysněné dědictví.Vše nakonec dopadne naprosto nečekaným způsobem včetně naprosto nečekaného vítěze. Kdo jím je? Neprozradíme. 
787 0 8 |g 46  |i Z cyklu:  |t Podivuhodná putování 
910 |a RBIT002 
998 |d 427065  |a https://core.palmknihy.cz/api/books/427065/cover?tex132  |b https://core.palmknihy.cz/api/books/427065/cover/400?tex132  |c https://core.palmknihy.cz/api/books/427065/cover/50?tex132  |e   |g 512  |i 9788027760329  |j https://core.palmknihy.cz/api/books/427065/preview.epub  |k https://core.palmknihy.cz/api/books/427065/preview.pdf  |l   |q 49  |r 1  |s https://www.palmknihy.cz/kniha/427065  |t ebook  |y 2026  |z 1  |v Podivuhodná putování  |w 46 
999 |d 302544